Chemistry/ (Record no. 199082)

MARC details
000 -LEADER
fixed length control field 00581nam a22001937a 4500
005 - DATE AND TIME OF LATEST TRANSACTION
control field 20231114160621.0
010 ## - LCCN (DPL NO)
LC control number ENG-138372
020 ## - INTERNATIONAL STANDARD BOOK NUMBER
International Standard Book Number 9789393330628
Terms of availability 425.00
035 ## - SYSTEM CONTROL NUMBER
System control number EN-121904
037 ## - SOURCE OF ACQUISITION
Source of stock number/acquisition DBAD
082 ## - DEWEY DECIMAL CLASSIFICATION NUMBER
Classification number 540
100 ## - MAIN ENTRY--PERSONAL NAME
Personal name Singhal, Atul Kumar
245 ## - TITLE STATEMENT
Title Chemistry/
Statement of responsibility, etc by Atul Kumar Singhal
Medium English
260 ## - PUBLICATION, DISTRIBUTION, ETC. (IMPRINT)
Place of publication, distribution, etc Telangana
Name of publisher, distributor, etc Universities Press (India)
Date of publication, distribution, etc 2024
270 ## - ADDRESS
Address 3-6-747/1A& 3-6-7541/1Himayatnagar, Hyderabad
City Telangana
300 ## - PHYSICAL DESCRIPTION
Extent vp.
Dimensions 26cm(pbk)
700 ## - ADDED ENTRY--PERSONAL NAME
Personal name Atul Kumar Singhal
9 (RLIN) 58618
942 ## - ADDED ENTRY ELEMENTS (KOHA)
Source of classification or shelving scheme Dewey Decimal Classification
Item type English Books
Classification part 540
Call number suffix SIN

No items available.


© Delhi Public Library
Hit Counter
free hit counter